| 000 | 00427nam a2200169Ia 4500 | ||
|---|---|---|---|
| 003 | GCL | ||
| 008 | 140319s9999 xx 000 0 eng d | ||
| 040 |
_aGCL / _cGCL |
||
| 082 | 0 | 4 |
_a741.942 _bH R |
| 100 | 1 | _aHAAK, BOB | |
| 245 | 1 | 0 |
_aREMBRANDT DRAWINGS / _cHAAK, BOB |
| 260 |
_a[S.N] : _bTHAMES AND HUDSON ، _c1976 |
||
| 300 | _a223 | ||
| 650 | 0 | 4 | _aREMBRANDT |
| 650 | 0 | 4 | _aDRAWING AND DRAWING BY SUBJECT |
| 942 |
_2ddc _cBK |
||
| 999 |
_c24555 _d24555 |
||